Central Library OPAC University of Rajshahi

The island / (Record no. 76730)

MARC details
000 -LEADER
fixed length control field 00757nam a2200265 a 4500
001 - CONTROL NUMBER
control field 76730
003 - CONTROL NUMBER IDENTIFIER
rucl marc code BD-RjUL
005 - DATE AND TIME OF LATEST TRANSACTION
control field 20211209082858.0
008 - FIXED-LENGTH DATA ELEMENTS--GENERAL INFORMATION
fixed length control field 200115r19451944enk 000 0 eng u
035 ## - SYSTEM CONTROL NUMBER
System control number 45-01103
System control number (OCoLC)1306105
System control number (BD-RjUL)76954
040 ## - CATALOGING SOURCE
Original cataloging agency GUA
Modifying agency m.c
-- OCL
-- EQO
-- BD-RjUL
Language of cataloging eng
Transcribing agency BD-RjUL
041 ## - LANGUAGE CODE
Language code of text/sound track or separate title eng
082 ## - DEWEY DECIMAL CLASSIFICATION NUMBER
Edition number 23
Classification number 821.91
Author mark and year YOI 1945
100 1# - MAIN ENTRY--PERSONAL NAME
Personal name Young, Francis Brett,
Dates associated with a name 1884-1954.
9 (RLIN) 237600
245 14 - TITLE STATEMENT
Title The island /
Statement of responsibility, etc. Francis Brett Young
260 ## - PUBLICATION, DISTRIBUTION, ETC. (IMPRINT)
Place of publication, distribution, etc. London :
Name of publisher, distributor, etc. William Heinemann,
Date of publication, distribution, etc. 1944, [reprinted 1945]
300 ## - PHYSICAL DESCRIPTION
Pagination viii, 451 p. ;
Size 21 cm.
500 ## - GENERAL NOTE
General note An epic poem
651 #0 - SUBJECT ADDED ENTRY--GEOGRAPHIC NAME
Geographic name Great Britain
General subdivision History
Form subdivision Poetry
9 (RLIN) 237601
942 ## - ADDED ENTRY ELEMENTS (KOHA)
Source of classification or shelving scheme Dewey Decimal Classification
Koha item type Books
Holdings
Lost status Source of classification or shelving scheme Damaged status Not for loan Collection code Permanent Location Current Location Shelving location Date acquired Total Checkouts Full call number Date last seen Copy number Koha item type
  Dewey Decimal Classification   Not For Loan Non-fiction Central Library, University of Rajshahi Central Library, University of Rajshahi Reading Room 15/01/2020   821.91 YOI 1945 15/01/2020 C-1 Books